000 00631nam a2200229Ia 4500
003 OSt
005 20220926044649.0
006 a|||||r|||| 00| 0
007 ta
008 220923b |||||||| |||| 00| 0 eng d
037 _cGeneral Book
040 _aRTL
_cRTL
_beng
041 _2eng
_aeng
082 _aV2.L, K1
100 _aTara Chand
245 0 _aSociety and state in the Mughal period
260 _c1961
500 _aSardar Vallabhbhai Patel Lectures, 1960Sardar Vallabhbhai Patel Lectures, 1960
650 _aIndian History
942 _hV2.L, K1
_cGB
_2CC
999 _c675496
_d675496